[Event "4NCL Division 1 & 2"]
[Site "Daventry, ENG"]
[Date "2022.05.02"]
[Round "9.27"]
[White "Stewart, Ashley"]
[Black "Hunt, Harriet V"]
[Result "1/2-1/2"]
[WhiteElo "2069"]
[BlackElo "2395"]
[PlyCount "97"]
[EventDate "2022.05.02"]
[WhiteTeam "Cambridge University 1"]
[BlackTeam "Wood Green"]

1. c4 e5 2. g3 Nc6 3. Nc3 d6 4. Bg2 Be6 5. d3 Qd7 6. e3 g6 7. Qa4 Bg7 8. Nge2
h5 9. h4 Bg4 10. Rb1 Nf6 11. b4 O-O 12. O-O Bh3 13. Qc2 Bxg2 14. Kxg2 a6 15.
Nd5 Nxd5 16. cxd5 Ne7 17. e4 Rac8 18. Bg5 f6 19. Be3 f5 20. f4 Kh7 21. Ng1 c6
22. dxc6 Rxc6 23. Qe2 Rfc8 24. Rfc1 Bh6 25. Rxc6 Rxc6 26. Nf3 fxe4 27. dxe4
exf4 28. Bxf4 Bxf4 29. gxf4 Qg4+ 30. Kh1 Qxf4 31. Rf1 Rc1 32. Ng5+ Kg8 33. Rxc1
Qxc1+ 34. Kg2 Qf4 35. Kh3 b5 36. a3 Nc6 37. Qa2+ Kh8 38. Qe6 Qg4+ 39. Qxg4
hxg4+ 40. Kg3 Ne5 41. Ne6 Nc4 42. Kxg4 Nxa3 43. Nc7 Kg7 44. Nxa6 Kf6 45. Kf4
Nc2 46. Nc7 Nd4 47. Nd5+ Ke6 48. Nc7+ Kf6 49. Nd5+ 1/2-1/2

[Event "4NCL Division 1 & 2"]
[Site "Daventry, ENG"]
[Date "2022.05.02"]
[Round "9.28"]
[White "McDonald, Neil"]
[Black "Robertson, J Stuart"]
[Result "1-0"]
[WhiteElo "2411"]
[BlackElo "2162"]
[PlyCount "79"]
[EventDate "2022.05.02"]
[WhiteTeam "Wood Green"]
[BlackTeam "Cambridge University 1"]

1. e4 c5 2. Nf3 Nc6 3. d4 cxd4 4. Nxd4 Nf6 5. Nc3 e5 6. Ndb5 d6 7. Bg5 a6 8.
Na3 b5 9. Nd5 Be7 10. Bxf6 Bxf6 11. c4 b4 12. Nc2 O-O 13. g3 Be6 14. Bg2 Bxd5
15. cxd5 Nd4 16. Nxd4 exd4 17. O-O d3 18. Rb1 Qa5 19. Qb3 Rfc8 20. Rfc1 Rxc1+
21. Rxc1 d2 22. Rd1 Rc8 23. Rxd2 Rc1+ 24. Bf1 Ra1 25. Kg2 Rxa2 26. f4 Ra1 27.
e5 Bd8 28. e6 Qc7 29. Qe3 Qc1 30. exf7+ Kxf7 31. Bd3 Qe1 32. Be2 Kf8 33. Rc2
Qh1+ 34. Kh3 Qxd5 35. Rc8 Qf5+ 36. Bg4 Qf6 37. Qb6 Ke8 38. Qc6+ Kf7 39. Qd7+
Kg6 40. Qe8+ 1-0

[Event "4NCL Division 1 & 2"]
[Site "Daventry, ENG"]
[Date "2022.05.02"]
[Round "9.31"]
[White "Pert, Nicholas"]
[Black "Reimanis, Ritvars"]
[Result "1/2-1/2"]
[WhiteElo "2538"]
[BlackElo "2515"]
[PlyCount "57"]
[EventDate "2022.05.02"]
[WhiteTeam "Cheddleton"]
[BlackTeam "Celtic Tigers 1"]

1. d4 d5 2. c4 e6 3. Nf3 a6 4. Nbd2 c5 5. g3 cxd4 6. Bg2 Nc6 7. O-O Nf6 8. cxd5
Nxd5 9. Nb3 Be7 10. Nbxd4 Nxd4 11. Nxd4 O-O 12. e4 Nb4 13. a3 e5 14. Nf5 Nc6
15. Be3 Be6 16. Rc1 Qxd1 17. Rfxd1 Rfd8 18. Rxd8+ Rxd8 19. Bf1 Rc8 20. Nxe7+
Nxe7 21. Rxc8+ Nxc8 22. Bc5 f6 23. f4 g6 24. Kf2 Kf7 25. b4 b5 26. Ke3 Ke8 27.
Bd3 Kd7 28. h4 Nd6 29. fxe5 1/2-1/2

[Event "4NCL Division 1 & 2"]
[Site "Daventry, ENG"]
[Date "2022.05.02"]
[Round "9.32"]
[White "Pein, Malcolm"]
[Black "Kirk, Ezra"]
[Result "1/2-1/2"]
[WhiteElo "2310"]
[BlackElo "2443"]
[PlyCount "91"]
[EventDate "2022.05.02"]
[WhiteTeam "Celtic Tigers 1"]
[BlackTeam "Cheddleton"]

1. d4 Nf6 2. c4 e6 3. Nc3 d5 4. Nf3 dxc4 5. e4 b5 6. e5 Nd5 7. Nxb5 Nb6 8. Be2
Bb7 9. O-O Nc6 10. Be3 Qd7 11. Qc1 Be7 12. Bxc4 Nxc4 13. Qxc4 O-O 14. Rfd1 a6
15. Nc3 Nb4 16. Rac1 Rfc8 17. a3 Nd5 18. Qd3 Nxc3 19. Rxc3 h6 20. Rdc1 Rab8 21.
Nd2 a5 22. Qc2 Qd5 23. Nf3 Bd8 24. Rc5 Qa2 25. Rxa5 Bxf3 26. gxf3 Rxb2 27. Qe4
Bg5 28. Ra8 Rbb8 29. Rxb8 Rxb8 30. Rxc7 g6 31. f4 Bh4 32. f5 Bd8 33. Rb7 exf5
34. Qc6 Rxb7 35. Qxb7 Qxa3 36. Qc8 Qa1+ 37. Kg2 Qa5 38. Qd7 Bg5 39. e6 fxe6 40.
Qxe6+ Kg7 41. Qd7+ Kf8 42. Bxg5 hxg5 43. Qe6 Kg7 44. d5 g4 45. Qe7+ Kh6 46.
Qe3+ 1/2-1/2

[Event "4NCL Division 1 & 2"]
[Site "Daventry, ENG"]
[Date "2022.05.02"]
[Round "9.33"]
[White "Arkell, Keith C"]
[Black "Cyfka, Karina"]
[Result "1-0"]
[WhiteElo "2383"]
[BlackElo "2403"]
[PlyCount "85"]
[EventDate "2022.05.02"]
[WhiteTeam "Cheddleton"]
[BlackTeam "Celtic Tigers 1"]

1. d4 Nf6 2. Nf3 e6 3. c4 Bb4+ 4. Bd2 Qe7 5. g3 Bxd2+ 6. Qxd2 Nc6 7. Nc3 d5 8.
cxd5 exd5 9. Bg2 O-O 10. O-O Re8 11. e3 Bf5 12. Nh4 Be4 13. f3 Bg6 14. Nxg6
hxg6 15. Rfe1 Rad8 16. Rac1 a6 17. Na4 Rd6 18. Nc5 Nd8 19. e4 dxe4 20. fxe4 Ne6
21. Nxe6 Rxe6 22. e5 c6 23. Bh3 Nd5 24. Bxe6 Qxe6 25. a3 Rd8 26. Rcd1 Rd7 27.
Rf1 Ne7 28. Qf4 Nd5 29. Qf3 Ne7 30. Rf2 Nf5 31. Rfd2 Ne7 32. Rd3 Nd5 33. R1d2
Ne7 34. Kg2 Nd5 35. h4 Ne7 36. Kh2 Nd5 37. Rf2 Ne7 38. h5 gxh5 39. Qxh5 c5 40.
Rfd2 c4 41. Rf3 Nc6 42. Rf4 Nxe5 43. Re2 1-0

[Event "4NCL Division 1 & 2"]
[Site "Daventry, ENG"]
[Date "2022.05.02"]
[Round "9.34"]
[White "Pein, Jonathan"]
[Black "Astaneh Lopez, Alex"]
[Result "1-0"]
[WhiteElo "2245"]
[BlackElo "2430"]
[PlyCount "90"]
[EventDate "2022.05.02"]
[WhiteTeam "Celtic Tigers 1"]
[BlackTeam "Cheddleton"]

1. e4 c6 2. d3 d5 3. Nd2 e5 4. Ngf3 Bd6 5. d4 exd4 6. Bd3 dxe4 7. Nxe4 Bb4+ 8.
c3 dxc3 9. O-O Be7 10. Re1 Na6 11. Qe2 Nc7 12. bxc3 Ne6 13. Nd4 Nf6 14. Nxf6+
Bxf6 15. Ba3 Be7 16. Bxe7 Qxe7 17. f4 g6 18. Qe5 O-O 19. f5 gxf5 20. Re3 f6 21.
Qg3+ Kh8 22. Bxf5 Nxd4 23. Rxe7 Nxf5 24. Qc7 Nxe7 25. Qxe7 Kg8 26. Rf1 Rf7 27.
Qd8+ Rf8 28. Qd6 Rf7 29. Rf3 Bd7 30. Rxf6 Rxf6 31. Qxf6 Re8 32. Qd4 Be6 33.
Qxa7 Re7 34. a4 Bd5 35. Qb8+ Kg7 36. Qg3+ Kf8 37. Qf4+ Rf7 38. Qb8+ Kg7 39.
Qe5+ Kg8 40. a5 h6 41. Qe8+ Kg7 42. Qe2 Rf5 43. Qb2 Bf7 44. Qxb7 Rxa5 45. Qxc6
Rg5 1-0

[Event "4NCL Division 1 & 2"]
[Site "Daventry, ENG"]
[Date "2022.05.02"]
[Round "9.35"]
[White "Pert, Richard G"]
[Black "Gallana, Marco"]
[Result "1-0"]
[WhiteElo "2415"]
[BlackElo "2281"]
[PlyCount "49"]
[EventDate "2022.05.02"]
[WhiteTeam "Cheddleton"]
[BlackTeam "Celtic Tigers 1"]

1. e4 c5 2. Nc3 Nc6 3. Bb5 Nd4 4. Bc4 g6 5. Nf3 Bg7 6. Nxd4 cxd4 7. Qf3 Nf6 8.
e5 dxc3 9. dxc3 Qc7 10. exf6 Bxf6 11. Bb3 Qe5+ 12. Be3 Qf5 13. Qe2 b6 14. g4
Qe4 15. O-O-O Bb7 16. Rhf1 Qg2 17. Qc4 O-O 18. Bh6 Rac8 19. Qf4 Rc5 20. h4 Rfc8
21. f3 Ba6 22. Rfe1 Qf2 23. Rxe7 Qxh4 24. Rxf7 Bc4 25. Rxf6 1-0

[Event "4NCL Division 1 & 2"]
[Site "Daventry, ENG"]
[Date "2022.05.02"]
[Round "9.36"]
[White "Zulfic, Fedja"]
[Black "Eggleston, David J"]
[Result "1/2-1/2"]
[WhiteElo "2221"]
[BlackElo "2312"]
[PlyCount "98"]
[EventDate "2022.05.02"]
[WhiteTeam "Celtic Tigers 1"]
[BlackTeam "Cheddleton"]

1. e4 e6 2. d4 d5 3. exd5 exd5 4. Nf3 Bd6 5. c4 dxc4 6. Bxc4 Nf6 7. O-O O-O 8.
Bg5 Nbd7 9. Nc3 h6 10. Bh4 Nb6 11. Bb3 Bg4 12. h3 Be6 13. Re1 Bxb3 14. Qxb3 Be7
15. Re5 Qd7 16. Ne4 Qd8 17. Re1 Nfd5 18. Bxe7 Nxe7 19. Nf6+ gxf6 20. Rxe7 Nd5
21. R7e4 Qd7 22. Qd3 Rfe8 23. Rg4+ Kf8 24. Qh7 Rxe1+ 25. Nxe1 Re8 26. Qxh6+ Ke7
27. Re4+ Kd8 28. Rxe8+ Qxe8 29. Nf3 c6 30. Qg7 Qe4 31. Qxf7 Qb1+ 32. Kh2 Qxb2
33. Kg3 Qc1 34. Qg8+ Kc7 35. Qg4 b5 36. h4 b4 37. h5 Kb6 38. Nh4 Qa3+ 39. Kh2
Qxa2 40. h6 Qxf2 41. Qg3 Qc2 42. Ng6 Ne3 43. Qxe3 Qxg6 44. d5+ c5 45. Qh3 Qg5
46. h7 Qe5+ 47. Kh1 Qe1+ 48. Kh2 Qe5+ 49. Kh1 Qe1+ 1/2-1/2

[Event "4NCL Division 1 & 2"]
[Site "Daventry, ENG"]
[Date "2022.05.02"]
[Round "9.37"]
[White "Steil-Antoni, Fiona"]
[Black "Skulte, Christopher"]
[Result "1-0"]
[WhiteElo "2189"]
[BlackElo "2141"]
[PlyCount "49"]
[EventDate "2022.05.02"]
[WhiteTeam "Cheddleton"]
[BlackTeam "Celtic Tigers 1"]

1. e4 c5 2. Nf3 d6 3. c3 Nf6 4. Bd3 Nc6 5. h3 g5 6. Bc2 g4 7. hxg4 Bxg4 8. d3
d5 9. Qe2 Bg7 10. Bf4 Qb6 11. Ba4 O-O-O 12. Nbd2 Qxb2 13. Rb1 Bxf3 14. Qxf3
Qxc3 15. Bxc6 bxc6 16. O-O c4 17. Qh3+ e6 18. exd5 Nxd5 19. Rb8+ Kd7 20. Rb7+
Ke8 21. Qh5 Rf8 22. Bg5 Bf6 23. Ne4 Qe5 24. Nxf6+ Nxf6 25. Qh4 1-0

[Event "4NCL Division 1 & 2"]
[Site "Daventry, ENG"]
[Date "2022.05.02"]
[Round "9.38"]
[White "Pedersen, Carsten"]
[Black "Pert, Max"]
[Result "1/2-1/2"]
[WhiteElo "2081"]
[BlackElo "1893"]
[PlyCount "45"]
[EventDate "2022.05.02"]
[WhiteTeam "Celtic Tigers 1"]
[BlackTeam "Cheddleton"]

1. e4 c6 2. d4 d5 3. Nc3 dxe4 4. Nxe4 Nf6 5. Ng3 h5 6. h3 h4 7. N3e2 c5 8. Nf3
Nc6 9. c3 e6 10. Bg5 Qb6 11. Qb3 Ne4 12. Be3 Bd7 13. Nf4 cxd4 14. Nxd4 Nxd4 15.
Bxd4 Bc5 16. Qxb6 axb6 17. Bd3 Nf6 18. Be5 Ke7 19. O-O Bc6 20. Rfd1 Rhd8 21. a3
Bd6 22. Bxd6+ Rxd6 23. Bc2 1/2-1/2

[Event "4NCL Division 1 & 2"]
[Site "Daventry, ENG"]
[Date "2022.05.02"]
[Round "9.41"]
[White "Willow, Jonah B"]
[Black "Hebden, Mark L"]
[Result "1-0"]
[WhiteElo "2411"]
[BlackElo "2448"]
[PlyCount "127"]
[EventDate "2022.05.02"]
[WhiteTeam "Wood Green Youth"]
[BlackTeam "Guildford Young Guns"]

1. e4 e5 2. d4 exd4 3. Qxd4 Nc6 4. Qe3 g6 5. h4 Nf6 6. h5 Nxh5 7. Nc3 Nf6 8.
Bd2 d6 9. Be2 Bg7 10. O-O-O Qe7 11. Nh3 Bxh3 12. Qxh3 Qe6 13. g4 Nd4 14. f3 h5
15. Bf1 O-O-O 16. g5 Qxh3 17. Rxh3 Nd7 18. f4 Rde8 19. Re1 Rhf8 20. b4 a6 21.
Rd3 c6 22. Bh3 Kc7 23. e5 Nf5 24. Bxf5 gxf5 25. Rxd6 Rh8 26. Rd3 h4 27. Rh1 Nf8
28. Ne2 Ng6 29. Nd4 Ne7 30. Rdh3 Rd8 31. c3 b6 32. Rxh4 Rxh4 33. Rxh4 Rh8 34.
Rxh8 Bxh8 35. Kc2 Bg7 36. Kd3 Kd7 37. Be3 Bf8 38. a3 Bg7 39. Ne2 Kc7 40. Ng3
Bf8 41. Nh5 Ng6 42. Nf6 c5 43. bxc5 Bxc5 44. Bxc5 bxc5 45. Nd5+ Kd7 46. Ke3 Kc6
47. c4 Kd7 48. Nf6+ Kd8 49. Nh5 Ne7 50. Kd3 Nc6 51. Ng3 Nd4 52. Ne2 Ne6 53. Ke3
Kd7 54. Kf3 Ke7 55. Kg3 Kf8 56. Nc3 Kg7 57. Nd5 Nd4 58. Nc7 a5 59. Nb5 Nb3 60.
Kf2 Nd2 61. Nd6 Kg6 62. Ke3 Nb3 63. Nb5 Kh5 64. a4 1-0

[Event "4NCL Division 1 & 2"]
[Site "Daventry, ENG"]
[Date "2022.05.02"]
[Round "9.42"]
[White "Suarez Real, Alberto"]
[Black "McPhillips, Joseph"]
[Result "0-1"]
[WhiteElo "2446"]
[BlackElo "2404"]
[PlyCount "118"]
[EventDate "2022.05.02"]
[WhiteTeam "Guildford Young Guns"]
[BlackTeam "Wood Green Youth"]

1. e4 e5 2. Nf3 Nf6 3. Nxe5 d6 4. Nf3 Nxe4 5. d4 d5 6. Bd3 Be7 7. O-O Nd6 8.
Bf4 O-O 9. Nc3 c6 10. Ne2 Re8 11. Ng3 Nd7 12. c3 Nf8 13. Qc2 g6 14. Rae1 Ne6
15. Bc1 Ng7 16. Ne5 Be6 17. Re2 Rc8 18. Rfe1 Bf6 19. h3 Bg5 20. Nf3 Bf6 21. Bh6
Bd7 22. Rxe8+ Ndxe8 23. Qc1 Ne6 24. Ne5 c5 25. Qe3 cxd4 26. cxd4 Bxe5 27. dxe5
Qh4 28. Rc1 Rxc1+ 29. Qxc1 Qd4 30. Qc3 Qxc3 31. bxc3 Nc5 32. Bc2 Bb5 33. Be3 b6
34. f4 Bc4 35. a3 Nc7 36. Bc1 Bb3 37. Bxb3 Nxb3 38. Bb2 Ne6 39. Ne2 Nec5 40.
Bc1 Na4 41. Be3 Na5 42. g4 Nc4 43. Kf2 Nxa3 44. f5 Nc4 45. Bd4 g5 46. h4 h6 47.
hxg5 hxg5 48. Ng1 Nc5 49. Nf3 a5 50. Ke2 a4 51. Ne1 a3 52. Nc2 a2 53. Na1 Na5
54. Nc2 Nab3 55. Be3 Na4 56. Bxg5 d4 57. e6 fxe6 58. fxe6 Nb2 59. e7 Kf7 0-1

[Event "4NCL Division 1 & 2"]
[Site "Daventry, ENG"]
[Date "2022.05.02"]
[Round "9.43"]
[White "O'Donnell, Conor"]
[Black "Kilpatrick, Callum"]
[Result "1/2-1/2"]
[WhiteElo "2294"]
[BlackElo "2416"]
[PlyCount "93"]
[EventDate "2022.05.02"]
[WhiteTeam "Wood Green Youth"]
[BlackTeam "Guildford Young Guns"]

1. Nf3 Nf6 2. c4 g6 3. Nc3 d5 4. cxd5 Nxd5 5. Qb3 Nb6 6. d4 Bg7 7. e4 O-O 8.
Be3 Bg4 9. Rd1 Nc6 10. d5 Ne5 11. Be2 Nxf3+ 12. gxf3 Bh3 13. Rg1 c6 14. f4 Qc7
15. Rg3 Bc8 16. Rc1 Qb8 17. dxc6 bxc6 18. f5 Kh8 19. Qb4 Nd7 20. Qxe7 Qxb2 21.
Nd1 Qf6 22. Qxf6 Bxf6 23. Rxc6 Bg7 24. fxg6 fxg6 25. Bd2 Nf6 26. f3 Nh5 27. Rg5
Nf4 28. Bc3 Be6 29. Ra5 Rf7 30. Bxg7+ Kxg7 31. Bf1 Rb8 32. Rca6 Rbb7 33. Nc3
Bh3 34. Nb5 Bxf1 35. Kxf1 Rbd7 36. Nd6 Rfe7 37. Nc8 Rd1+ 38. Kf2 Rf7 39. Rxa7
Rd2+ 40. Ke3 Rd3+ 41. Kf2 Rd2+ 42. Ke1 Rxh2 43. Nd6 Rxa7 44. Rxa7+ Kg8 45. Ra8+
Kg7 46. Ra7+ Kg8 47. Ra8+ 1/2-1/2

[Event "4NCL Division 1 & 2"]
[Site "Daventry, ENG"]
[Date "2022.05.02"]
[Round "9.44"]
[White "Grieve, Harry"]
[Black "Houska, Jovanka"]
[Result "1-0"]
[WhiteElo "2387"]
[BlackElo "2358"]
[PlyCount "73"]
[EventDate "2022.05.02"]
[WhiteTeam "Guildford Young Guns"]
[BlackTeam "Wood Green Youth"]

1. e4 c6 2. d4 d5 3. Nd2 dxe4 4. Nxe4 Nf6 5. Nxf6+ exf6 6. c3 Bd6 7. Bd3 O-O 8.
Qc2 Re8+ 9. Ne2 h5 10. O-O h4 11. h3 Nd7 12. Bd2 Nf8 13. Rae1 Bc7 14. f4 g6 15.
f5 g5 16. g3 hxg3 17. h4 Nh7 18. Qd1 Bd7 19. hxg5 fxg5 20. Nxg3 Bxg3 21. Rxe8+
Qxe8 22. f6 g4 23. Qc2 Nf8 24. Bc1 Bh4 25. Qh2 Bxf6 26. Rxf6 Qe1+ 27. Rf1 Qe7
28. Qh6 Ng6 29. Bxg6 fxg6 30. Qxg6+ Qg7 31. Qd6 Qh7 32. Bh6 Bf5 33. Qf6 Qc7 34.
Rxf5 Qg3+ 35. Kf1 Qh3+ 36. Ke2 Re8+ 37. Kd2 1-0

[Event "4NCL Division 1 & 2"]
[Site "Daventry, ENG"]
[Date "2022.05.02"]
[Round "9.46"]
[White "Golding, Alex"]
[Black "Fitzsimons, David"]
[Result "1/2-1/2"]
[WhiteElo "2305"]
[BlackElo "2386"]
[PlyCount "31"]
[EventDate "2022.05.02"]
[WhiteTeam "Guildford Young Guns"]
[BlackTeam "Wood Green Youth"]

1. e4 c5 2. Nf3 d6 3. Bb5+ Bd7 4. Bxd7+ Nxd7 5. b3 Ngf6 6. Qe2 g6 7. Bb2 Bg7 8.
O-O O-O 9. Na3 a6 10. Kh1 e6 11. Nc4 d5 12. e5 dxc4 13. exf6 Bxf6 14. Bxf6 Qxf6
15. bxc4 Rfd8 16. a4 1/2-1/2

[Event "4NCL Division 1 & 2"]
[Site "Daventry, ENG"]
[Date "2022.05.02"]
[Round "9.47"]
[White "Haydon, David L"]
[Black "Price, Gwilym"]
[Result "1/2-1/2"]
[WhiteElo "2282"]
[BlackElo "2207"]
[PlyCount "65"]
[EventDate "2022.05.02"]
[WhiteTeam "Wood Green Youth"]
[BlackTeam "Guildford Young Guns"]

1. Nf3 Nf6 2. g3 g6 3. Bg2 Bg7 4. c4 O-O 5. Nc3 d6 6. d4 Nbd7 7. O-O e5 8. dxe5
dxe5 9. Qc2 c6 10. Rd1 Qe7 11. b3 Re8 12. e4 Nf8 13. h3 N6d7 14. Be3 Ne6 15. a3
Rf8 16. Qd2 f5 17. exf5 gxf5 18. Bh6 f4 19. Bxg7 Qxg7 20. Qd6 Nec5 21. b4 Rf6
22. Qc7 Ne6 23. Rxd7 Nxc7 24. Rxg7+ Kxg7 25. Nxe5 fxg3 26. fxg3 Bf5 27. c5 Rd8
28. Nc4 Rd3 29. Ne2 Nd5 30. Bxd5 cxd5 31. Nd6 Bd7 32. Nxb7 Re3 33. Nf4 1/2-1/2

[Event "4NCL Division 1 & 2"]
[Site "Daventry, ENG"]
[Date "2022.05.02"]
[Round "9.48"]
[White "Golding, William"]
[Black "Sygnowski, Tomasz"]
[Result "1/2-1/2"]
[WhiteElo "1865"]
[BlackElo "2119"]
[PlyCount "86"]
[EventDate "2022.05.02"]
[WhiteTeam "Guildford Young Guns"]
[BlackTeam "Wood Green Youth"]

1. d4 d5 2. Bf4 e6 3. e3 Bd6 4. Bg3 Nf6 5. Nf3 c5 6. c3 Nc6 7. Be2 Ne4 8. Bxd6
Qxd6 9. O-O O-O 10. Nbd2 f5 11. Ne1 Rb8 12. a4 Bd7 13. f4 Nxd2 14. Qxd2 c4 15.
Nf3 Be8 16. Rfb1 Na5 17. Bd1 Bh5 18. Qf2 Bxf3 19. Qxf3 Qc7 20. Qe2 b6 21. Ra3
Rb7 22. g4 g6 23. Qg2 Kh8 24. h4 fxg4 25. Qxg4 Qd6 26. Bc2 Rg7 27. Kh1 Qe7 28.
Rg1 Nb7 29. Raa1 Nd6 30. Qg5 Rf6 31. Rg2 Nf5 32. Bxf5 gxf5 33. Qxg7+ Qxg7 34.
Rxg7 Kxg7 35. Kg2 Rg6+ 36. Kf2 Kf6 37. h5 Rg8 38. Rg1 Rb8 39. h6 b5 40. a5 Rb7
41. Rg7 Rxg7 42. hxg7 Kxg7 43. Kg3 Kg6 1/2-1/2

[Event "4NCL Division 1 & 2"]
[Site "Daventry, ENG"]
[Date "2022.05.02"]
[Round "9.51"]
[White "Roberson, Peter T"]
[Black "Jackson, James P"]
[Result "1-0"]
[WhiteElo "2430"]
[BlackElo "2400"]
[PlyCount "91"]
[EventDate "2022.05.02"]
[WhiteTeam "The Sharks 1"]
[BlackTeam "Barbican 4NCL"]

1. e4 e5 2. Nf3 Nc6 3. Bb5 a6 4. Ba4 Nf6 5. O-O Be7 6. Re1 b5 7. Bb3 d6 8. c3
O-O 9. h3 Nb8 10. d4 Nbd7 11. Nbd2 Bb7 12. Bc2 Re8 13. Nf1 Bf8 14. Ng3 g6 15.
a4 c5 16. d5 c4 17. Bg5 Nc5 18. Nh2 Be7 19. Be3 Nfd7 20. Ng4 Bf8 21. Rf1 Bg7
22. Qd2 f6 23. f4 exf4 24. Rxf4 Ne5 25. axb5 axb5 26. Rxa8 Bxa8 27. Nxe5 dxe5
28. Rf1 Bf8 29. Qf2 Nd7 30. Ra1 Qc7 31. Bd1 Bc5 32. Bg4 Bxe3 33. Qxe3 Qc5 34.
Kf2 Qxe3+ 35. Kxe3 Nc5 36. Ra7 h5 37. Bd7 Rb8 38. Rc7 Nxd7 39. Rxd7 Bb7 40. Rd6
Kf7 41. Rb6 Ke7 42. Rxb5 Kd7 43. Rb4 Kc8 44. Rxc4+ Kd7 45. Rb4 Kc8 46. Rb6 1-0

[Event "4NCL Division 1 & 2"]
[Site "Daventry, ENG"]
[Date "2022.05.02"]
[Round "9.52"]
[White "D'Costa, Lorin"]
[Black "Makkar, Rajat"]
[Result "1/2-1/2"]
[WhiteElo "2377"]
[BlackElo "2348"]
[PlyCount "101"]
[EventDate "2022.05.02"]
[WhiteTeam "Barbican 4NCL"]
[BlackTeam "The Sharks 1"]

1. d4 d5 2. c4 c6 3. Nf3 Nf6 4. Qb3 dxc4 5. Qxc4 Bf5 6. g3 e6 7. Bg2 Nbd7 8.
O-O Be7 9. e3 O-O 10. Qe2 Bg6 11. Rd1 Rc8 12. Nc3 b5 13. a3 a5 14. h3 b4 15.
Na4 Qc7 16. axb4 axb4 17. b3 c5 18. Bb2 c4 19. bxc4 Qxc4 20. Qxc4 Rxc4 21. Ne1
Nd5 22. Bf1 Rc7 23. Rdc1 Rfc8 24. Ba6 Rxc1 25. Rxc1 Ra8 26. Bb5 N7b6 27. Nxb6
Nxb6 28. Ra1 Rxa1 29. Bxa1 b3 30. Bb2 Bb4 31. Kf1 h5 32. Ke2 Nd5 33. Bc4 Nc3+
34. Bxc3 Bxc3 35. Bxb3 Bf5 36. h4 Bg4+ 37. Kf1 Bh3+ 38. Ke2 Bg4+ 39. Kf1 Bh3+
40. Ng2 g6 41. Kg1 Bxg2 42. Kxg2 Kg7 43. d5 exd5 44. Bxd5 Kf6 45. f4 Kg7 46. e4
f6 47. Kf3 Bd4 48. Bc6 Bc3 49. Be8 Bd4 50. f5 gxf5 51. Bxh5 1/2-1/2

[Event "4NCL Division 1 & 2"]
[Site "Daventry, ENG"]
[Date "2022.05.02"]
[Round "9.53"]
[White "Moreby, James"]
[Black "Griffiths, Ryan Rhys"]
[Result "1/2-1/2"]
[WhiteElo "2409"]
[BlackElo "2351"]
[PlyCount "30"]
[EventDate "2022.05.02"]
[WhiteTeam "The Sharks 1"]
[BlackTeam "Barbican 4NCL"]

1. c4 c5 2. Nf3 Nc6 3. Nc3 g6 4. e3 Nf6 5. d4 cxd4 6. exd4 d5 7. cxd5 Nxd5 8.
Qb3 Nxc3 9. Bc4 e6 10. bxc3 Bd7 11. Bd3 Qc7 12. O-O Bg7 13. Ba3 Bf8 14. Bc1 Bg7
15. Ba3 Bf8 1/2-1/2

[Event "4NCL Division 1 & 2"]
[Site "Daventry, ENG"]
[Date "2022.05.02"]
[Round "9.54"]
[White "Sowray, Peter J"]
[Black "Rendle, Thomas E"]
[Result "0-1"]
[WhiteElo "2243"]
[BlackElo "2374"]
[PlyCount "66"]
[EventDate "2022.05.02"]
[WhiteTeam "Barbican 4NCL"]
[BlackTeam "The Sharks 1"]

1. d4 d5 2. c4 c6 3. Nf3 Nf6 4. Nc3 e6 5. g3 dxc4 6. Bg2 Nbd7 7. O-O b5 8. e3
Bb7 9. Qe2 Be7 10. a4 a6 11. e4 O-O 12. Bf4 b4 13. e5 Nd5 14. Ne4 Nxf4 15. gxf4
c5 16. dxc5 Nxc5 17. Nxc5 Bxc5 18. Qxc4 Rc8 19. Qe2 f6 20. Ne1 Bxg2 21. Nxg2
Qb6 22. Rae1 b3 23. exf6 Rxf6 24. Qe4 Bd4 25. Re2 Rff8 26. a5 Qb5 27. Rd2 Bf6
28. Rd6 Bxb2 29. Qxe6+ Kh8 30. Rxa6 Bd4 31. Rd6 b2 32. Rxd4 b1=Q 33. Rxb1 Qxb1+
0-1

[Event "4NCL Division 1 & 2"]
[Site "Daventry, ENG"]
[Date "2022.05.02"]
[Round "9.55"]
[White "Holland, James P"]
[Black "Franklin, Samuel G A"]
[Result "1/2-1/2"]
[WhiteElo "2387"]
[BlackElo "2328"]
[PlyCount "37"]
[EventDate "2022.05.02"]
[WhiteTeam "The Sharks 1"]
[BlackTeam "Barbican 4NCL"]

1. e4 e5 2. Nf3 Nc6 3. Bb5 a6 4. Ba4 Nf6 5. d3 d6 6. c3 g6 7. Nbd2 Bg7 8. Nf1
O-O 9. Bg5 h6 10. Bh4 d5 11. exd5 Qxd5 12. Ne3 Qc5 13. O-O Nd5 14. Bg3 Nxe3 15.
fxe3 Qxe3+ 16. Bf2 Qf4 17. Bg3 Qe3+ 18. Bf2 Qf4 19. Bg3 1/2-1/2

[Event "4NCL Division 1 & 2"]
[Site "Daventry, ENG"]
[Date "2022.05.02"]
[Round "9.56"]
[White "Taylor, Martin R"]
[Black "Dong, Bao Nghia"]
[Result "1-0"]
[WhiteElo "2338"]
[BlackElo "2339"]
[PlyCount "105"]
[EventDate "2022.05.02"]
[WhiteTeam "Barbican 4NCL"]
[BlackTeam "The Sharks 1"]

1. e4 e6 2. b3 a5 3. Bb2 Nf6 4. e5 Nd5 5. c4 Nb6 6. a3 d6 7. exd6 cxd6 8. Nf3
Qc7 9. Nc3 Bd7 10. Rc1 f6 11. d4 Be7 12. Bd3 O-O 13. O-O Na6 14. Re1 Qd8 15.
Qe2 Rb8 16. Nd1 Nc7 17. Ne3 Nc8 18. Qc2 h6 19. d5 e5 20. Nh4 f5 21. Nhxf5 Bg5
22. c5 Nb5 23. c6 bxc6 24. dxc6 Bxf5 25. Bxf5 Nc7 26. Rcd1 Qf6 27. Bxc8 Rbxc8
28. Nc4 Nb5 29. Nb6 Na7 30. Nxc8 Rxc8 31. c7 Qf7 32. Rxd6 Rxc7 33. Qd3 Nc6 34.
Qd5 Qxd5 35. Rxd5 Rb7 36. Rd3 Bf6 37. Re4 Nd4 38. Bxd4 exd4 39. g3 Rd7 40. Re8+
Kf7 41. Rb8 Be7 42. b4 axb4 43. axb4 Ke6 44. Rb5 Bf6 45. Kg2 Kd6 46. Kf3 Re7
47. Ra3 Kc6 48. Rc5+ Kb6 49. Rd5 Kc6 50. Rf5 Re1 51. Ra6+ Kb7 52. Rd6 Kc7 53.
Rfxf6 1-0

[Event "4NCL Division 1 & 2"]
[Site "Daventry, ENG"]
[Date "2022.05.02"]
[Round "9.57"]
[White "Williams, Samuel G"]
[Black "Bhatia, Kanwal K"]
[Result "1-0"]
[WhiteElo "2241"]
[BlackElo "2018"]
[PlyCount "61"]
[EventDate "2022.05.02"]
[WhiteTeam "The Sharks 1"]
[BlackTeam "Barbican 4NCL"]

1. d4 Nf6 2. c4 c5 3. d5 b5 4. cxb5 a6 5. e3 e6 6. dxe6 fxe6 7. Nc3 Be7 8. Nf3
O-O 9. b3 Qa5 10. Qd2 axb5 11. Nxb5 Qb6 12. Nc3 Nc6 13. Bb2 Bb7 14. Be2 Rad8
15. O-O d5 16. Na4 Qa7 17. Ng5 Bc8 18. Qc2 e5 19. Rac1 h6 20. Nf3 Nb4 21. Qb1
e4 22. Ne5 Bd6 23. a3 Na6 24. f4 Bb7 25. Rfd1 Rfe8 26. Bxa6 Bxa6 27. Nc6 Qf7
28. Nxd8 Rxd8 29. Nxc5 Bc8 30. Bxf6 gxf6 31. b4 1-0

[Event "4NCL Division 1 & 2"]
[Site "Daventry, ENG"]
[Date "2022.05.02"]
[Round "9.58"]
[White "Ratnesan, Radha"]
[Black "Kueh, Audrey"]
[Result "0-1"]
[WhiteElo "1655"]
[BlackElo "2118"]
[PlyCount "86"]
[EventDate "2022.05.02"]
[WhiteTeam "Barbican 4NCL"]
[BlackTeam "The Sharks 1"]

1. d4 d5 2. Nf3 Nf6 3. Bf4 Bf5 4. e3 e6 5. Be2 Bd6 6. Bg3 O-O 7. O-O Ne4 8.
Nbd2 Nxg3 9. hxg3 h6 10. c4 c6 11. Qb3 Qb6 12. c5 Qxb3 13. Nxb3 Bc7 14. Nbd2 b5
15. cxb6 axb6 16. Rfc1 Bd6 17. Nb3 Rc8 18. Bb5 Rc7 19. Be2 Nd7 20. a3 c5 21.
Bb5 c4 22. Nbd2 Nf6 23. Nb1 Ne4 24. Nc3 Nxc3 25. Rxc3 Ra5 26. a4 f6 27. Rd1 Kf8
28. Nh4 Bg4 29. Nf3 Ke7 30. Kh2 Bb4 31. Rcc1 Kd6 32. Rf1 Rc8 33. Nh4 Bh5 34.
Nf3 Be8 35. Bxe8 Rxe8 36. Nh4 g5 37. Nf3 Rxa4 38. Rb1 Rc8 39. b3 Ra2 40. bxc4
Rxc4 41. Kg1 Kc6 42. Ne1 Bxe1 43. Rfxe1 b5 0-1